000 01259nam a2200349Ia 4500
001 dia_5349
003 CHAP
005 20240117134348.0
007 ta
008 220117s1981 mx a f 001 0 spa d
040 _cCHAP
_amxchpua
090 _aT.C.4
_bG66 IAI
_c1981
245 1 0 _aInforme de actividades del viaje de estudios, hecho al sureste del país por los alumnos de 5º año de la especialidad de Industrias Agrícolas /
_ccoordinadores Adalberto Gomez Cruz y Joel Corrales García
260 _aMéxico :
_bEl autor,
_c1981
300 _aca. 100 hojas
336 _2rdacontent
_atexto
_btxt
337 _2rdamedia
_asin medio
_bn
338 _2rdacarrier
_avolumen
_bnc
500 _aGrado 5°
502 _aViaje de Estudios
_b(IAI) --
_cUACh. Departamento de Ingeniería Agroindustrial,
_d1981
505 _tVisita: 1. Instituto Mexicano del Café
650 1 3 _aCafé
_zMéxico
_zVeracruz
650 1 3 _aCoffee
_zMexico
_zVeracruz
700 1 _aCorrales García, José Joel Enrique
_ecoordinador
_928203
700 1 _aGómez Cruz, Adalberto
_ecoordinador
901 _aT.C.4 G66 1981
902 _aM
905 _a5332271981 mx mdb 8222223322spa16
942 _2local
942 _cVE
999 _c176287
_d176287